000 01973cam a2200397 a 4500
999 _c530017
_d530017
001 4853682
003 NUST
005 20191008150853.0
008 911205s1992 aru 000 1 eng
010 _a 91044892
020 _a087483192X (alk. paper) :
_c$18.95
020 _a0874831911 (pbk. : alk. paper) :
_c$9.95
038 _awaseem
040 _aDLC
_cDLC
_dDLC
042 _alcac
043 _an-usu--
050 0 0 _aPS648.C54
_bC66 1992
082 0 0 _a813.0108358
_bCON
245 0 0 _aConfederate battle stories /
_cedited by Martin H. Greenberg, Frank D. McSherry, Jr., and Charles G. Waugh.
250 _a1st ed.
260 _aLittle Rock, Ark. :
_bAugust House,
_c1992.
300 _a193 p. ;
_c23 cm.
505 0 _aThe disbandment of the Army of Northern Virginia / Marshall Thompson -- Jack Still / J.P. Marquand -- A debt of honor / F. Scott Fitzgerald -- O captain! my captain! / H. Bedford-Jones -- Gettysburg / Mary Johnston -- Chickamauga / Thomas Wolfe -- The rebel trace / Joseph Hergesheimer -- The bloodhounds / W.C. Morrow -- Affair at St. Albans / Herbert Ravenel Sass -- The second Missouri compromise / Owen Wister -- The centennial comment / Robert Edmond Alter.
650 0 _aWar stories, American
_zSouthern States.
_923303
650 1 _aShort stories.
_91396
651 0 _aUnited States
_xHistory
_yCivil War, 1861-1865
_xFiction.
_923304
651 0 _aConfederate States of America
_xHistory
_xFiction.
_923305
651 0 _aSouthern States
_xSocial life and customs
_xFiction.
_923306
651 1 _aUnited States
_xHistory
_yCivil War, 1861-1865
_xFiction.
_923304
700 1 _aGreenberg, Martin Harry.
_923307
700 1 _aMcSherry, Frank D.
_923308
700 1 _aWaugh, Charles.
_923309
906 _a7
_bcbc
_corignew
_d1
_eocip
_f19
_gy-gencatlg
942 _2ddc
_cBK